Les 50 Plus Gros Achats De Manchester City - Statistiques

Statistiques générales
  • Ce quiz a été pris 786 fois
    26 depuis la dernière actualisation
  • Le résultat moyen est 37 sur 50
Statistiques - réponses
Joueur Club De Provenance Saison Nationalité Poste Prix Du Transfert Ordre % Correct
BernardoSilva Monaco 17/18 Portugal M 50 000 000 € 21
96%
ErlingHaaland Borussia Dortmund 22/23 Norvège A 60 000 000 € 14
96%
JackGrealish Aston Villa 21/22 Angleterre A 117 500 000 € 1
96%
JérémyDoku Stade Rennais 23/24 Belgique A 60 000 000 € 13
96%
Kevin De Bruyne Wolfsburg 15/16 Belgique M 76 000 000 € 3
96%
RiyadMahrez Leicester City 18/19 Algérie A 67 800 000 € 8
96%
AntoineSemenyo Bournemouth 25/26 Ghana A 72 000 000 € 5
91%
AymericLaporte Atletic Bilbao 17/18 Espagne D 65 000 000 € 10
91%
JoskoGvardiol Rb Leipzig 23/24 Croatie D 90 000 000 € 2
91%
OmarMarmoush Eintracht Frankfurt 24/25 Egypte A 75 000 000 € 4
91%
Rúben Dias Sl Benfica 20/21 Portugal D 71 600 000 € 6
91%
DavidSilva Valence 10/11 Espagne M 28 750 000 € 46
87%
Rodri Altetico Madrid 19/20 Espagne M 70 000 000 € 7
87%
SergioAguero Altetico Madrid 11/12 Argentine A 40 000 000 € 27
87%
GianluigiDonnarumma Psg 25/26 Italie G 30 000 000 € 39
83%
JoaoCancelo Juventus 19/20 Portugal D 65 000 000 € 9
83%
KyleWalker Tottenham Hotspur 17/18 Angleterre D 52 700 000 € 19
83%
RaheemSterling Liverpool 15/16 Angleterre A 63 700 000 € 11
83%
RayanCherki Ol 25/26 France M/A 36 500 000 € 34
83%
TijaniReijnders Ac Milan 25/26 Pays - Bas M 55 000 000 € 18
83%
AbdukodirKhusanov Rc Lens 24/25 Ouzbékistan D 40 000 000 € 30
78%
MateoKovacic Chelsea 23/24 Croatie M 29 100 000 € 43
78%
MatheusNunes Wolverhampton 23/24 Portugal M 62 000 000 € 12
78%
Yaya Touré Barcelone 10/11 Cote D'ivoire M 30 000 000 € 40
78%
BenjaminMendy Monaco 17/18 France D 57 500 000 € 16
74%
Ederson Sl Benfica 17/18 Brésil G 40 000 000 € 29
74%
EdinDzeko Wolfsburg 10/11 Bosnie A 37 000 000 € 31
74%
NathanAké Bournemouth 20/21 Pays - Bas D 45 300 000 € 23
74%
NicoGonzalez Fc Porto 24/25 Espagne M 60 000 000 € 15
74%
RayanAit - Nouri Wolverhampton 25/26 Algérie D 36 800 000 € 33
74%
JamesTrafford Burnley 25/26 Angleterre G 31 200 000 € 38
70%
JohnStones Everton 16/17 Angleterre D 55 600 000 € 17
70%
EmmanuelAdebayor Arsenal 09/10 Togo A 29 000 000 € 44
65%
LeroySané Schalke 04 16/17 Allemagne A 52 000 000 € 20
65%
MarioBalotelli Inter Milan 10/11 Italie A 29 500 000 € 42
65%
EliaquimMangala Porto 14/15 France D 45 000 000 € 24
61%
Fernandinho Shaktar Donetsk 13/14 Brésil M 40 000 000 € 28
61%
IlkayGundogan Borussia Dortmund 16/17 Allemagne M 27 000 000 € 49
61%
Robinho Real Madrid 08/09 Brésil A 43 000 000 € 26
61%
SamirNasri Arsenal 11/12 France M 27 500 000 € 47
61%
WilfriedBony Swansea City 14/15 Cote D'ivoire A 32 300 000 € 36
61%
CarlosTevez West Ham United 09/10 Argentine A 29 000 000 € 45
57%
Danilo Real Madrid 17/18 Brésil D 30 000 000 € 41
52%
FerranTorres Valence 20/21 Espagne A 33 500 000 € 35
52%
KalvinPhillips Leeds 22/23 Angleterre M 49 000 000 € 22
52%
StevanJovetic Fiorentina 13/14 Monténégro A 26 000 000 € 50
52%
NicolásOtamendi Valence 15/16 Argentine D 44 500 000 € 25
48%
GabrielJesus Palmeiras 16/17 Brésil A 32 000 000 € 37
43%
JoleonLescott Everton 09/10 Angleterre D 27 500 000 € 48
26%
VitorReis Palmeiras 24/25 Brésil D 37 000 000 € 32
26%
Aucun quiz correspondant
Distribution des résultats
% des personnes avec chaque résultat
Percentile par nombre de réponses
Votre historique - résultats
Vous n’avez pas pris ce quiz depuis la dernière actualisation